000 00780nam a2200253Ia 4500
001 2854
005 20240113233558.0
007 ta
008 050311s2003 a g b000 u eng u
040 _aGeneral.Computer
041 _aeng
082 _a001.642
_bCo 73 In
100 _aComer, Douglas E. .
245 0 _aInternetworking with TCP/IP vol-11;Design implementation, and internals /
_cDouglas E. Comer,David L Stevens.
_hTextual Documents
250 _a3rd /
260 _aNew Delhi :
_bPrentice-Hall of India(Pvt Ltd) ,
_c2003.
300 _a660 P :
_bill ;
_c23 cm .
504 _aAppendix,Bibliography,Index
653 _aComputer; Design implementation, and internals
942 _2ddc
_cBK
999 _c2842
_d2842